Electronic publishing and libraries : planning for the impact and growth to 2003

Αποθηκεύτηκε σε:
Λεπτομέρειες βιβλιογραφικής εγγραφής
Κύριος συγγραφέας: Brown, David J.
Μορφή: Βιβλίο
Γλώσσα:English
Δημοσίευση: London : Bowker-Saur, c1996
Σειρά:British Library research
Θέματα:
Ετικέτες: Προσθήκη ετικέτας
Δεν υπάρχουν, Καταχωρήστε ετικέτα πρώτοι!

MARC

LEADER 00000nam a2200000 i 4500
001 1/81748
008 990519s1996 eng d
020 |a 1-85739-166-7 
035 |l 10050943 
040 |a GR-MY-UA  |b gre  |e aacr 
041 0 |a eng 
082 0 |a 070.50285 
100 1 |a Brown, David J. 
245 1 0 |a Electronic publishing and libraries :  |b planning for the impact and growth to 2003 /  |c Compiled by David J. Brown 
260 |a London :   |b Bowker-Saur,   |c c1996 
300 |a 200 p.  |b fig.; tabl. 
490 1 |a British Library research 
504 |a Includes bibliographical references and index 
650 0 0 |a Libraries and electronic publishing  |z Great Britain. 
650 0 0 |a Electronic publishing  |z Great Britain. 
830 0 |a British Library research 
852 |a INST  |b LESVOS  |e 19990519  |h 070.50285 BRO  |p 005100016266  |q 005100016266  |t BK  |y 0 
901 |a BIBL1-1999-2 
909 |a Λ  |b 062274 
922 |a 1ΕΛΗ  |b 199812  |c ΚΠΣ/ΚΥΒ  |d LEADER 
950 |a 023-1998-09-14